Normal view
MARC view
- Deterrence (Strategy)
Entry Topical Term
001 - CONTROL NUMBER
- control field: 12990
003 - CONTROL NUMBER IDENTIFIER
- control field: NUST
005 - DATE AND TIME OF LATEST TRANSACTION
- control field: 20190108052122.0
008 - FIXED-LENGTH DATA ELEMENTS
- fixed length control field: 190108|| aca||aabn | a|a d
040 ## - CATALOGING SOURCE
- Original cataloging agency: NUST
- Transcribing agency: NUST
150 ## - HEADING--TOPICAL TERM
- Topical term or geographic name entry element: Deterrence (Strategy)
670 ## - SOURCE DATA FOUND
- Source citation: Work cat.: (NUST)0: Khan, Zafar, 1977- author. 12987, Pakistan's nuclear policy :
